[Event "19th Albena Open"]
[Site "Albena BUL"]
[Date "2011.06.26"]
[Round "2.23"]
[White "Ninov,D"]
[Black "Cioara,A"]
[Result "1-0"]
[WhiteElo "2090"]
[BlackElo "2427"]

1.Nf3 d5 2.g3 c6 3.Bg2 Nf6 4.O-O Bf5 5.c4 e6 6.d3 Nbd7 7.Nc3 Be7 8.cxd5 exd5
9.e4 dxe4 10.dxe4 Nxe4 11.Nd4 Nxc3 12.bxc3 Bg6 13.Re1 O-O 14.Bxc6 Ne5 15.Bxb7 Rb8
16.Bg2 Bf6 17.Bf4 Re8 18.Bxe5 Bxe5 19.Rxe5 Rxe5 20.Nc6 Qc7 21.Nxb8 Qxb8 22.Qd4 h6
23.Rd1 Re2 24.Bd5 Kh7 25.Bxf7 Bc2 26.Bc4 Re8 27.Bd3+ Bxd3 28.Qxd3+ Kh8 29.c4 Qb2
30.Qd7 Rf8 31.Qxa7 Qc2 32.Qd4 Qxa2 33.c5 Qc2 34.Rd2 Qc1+ 35.Kg2 Rc8 36.Re2 Qg5
37.h4 Qg6 38.Qd6 Qg4 39.Re6 Kg8 40.c6 Rf8 41.Qd5 Kh8 42.c7 Qb4 43.Qc6 Qd2
44.Qc5 Rc8 45.Rd6  1-0

[Event "7th A Ermaka Memorial"]
[Site "Zaporizhzhia UKR"]
[Date "2011.06.26"]
[Round "3.1"]
[White "Jarovinsky,A"]
[Black "Zubarev,Al1"]
[Result "0-1"]
[WhiteElo "2309"]
[BlackElo "2600"]

1.Nf3 d5 2.g3 g6 3.Bg2 Bg7 4.d3 Nf6 5.O-O Nc6 6.Nbd2 O-O 7.e4 dxe4 8.dxe4 a5
9.Qe2 b6 10.Rd1 Ba6 11.Qe1 Nb4 12.Nf1 Nxc2 13.Rxd8 Raxd8 14.Qc3 Nxa1 15.Bf4 Rd1
16.Qxc7 Nxe4 17.Qxb6 Bd3 18.Qxa5 Nc2 19.Ne5 Be2 20.f3 g5 21.fxe4 gxf4 22.Kf2 f3
23.Bxf3 Rxf1+ 24.Kxe2 Rb1 25.Qc3 Nb4 26.Qxb4 Bxe5 27.Qxe7 Rxb2+ 28.Ke3 Bg7
29.Kf4 Rxa2 30.h4 Ra5 31.Kg4 Re5 32.Qb7 Rfe8 33.Kh3 Bf6 34.Qd7 R5e6 35.Qb7 R8e7
36.Qb8+ Re8 37.Qb7 Kg7 38.Kg4 Be5 39.Kh3 Rg6 40.g4 Rf6 41.Qb3 Rc8 42.Qe3 Rxf3+
43.Qxf3 Rc3 44.Qxc3 Bxc3 45.g5 h5 46.gxh6+ Kxh6 47.Kg4 Bf6 48.h5 Bd8 49.e5 Be7  0-1

[Event "6th Dvorkovich Cup"]
[Site "Moscow RUS"]
[Date "2011.06.28"]
[Round "5.5"]
[White "Grigoryan,K2"]
[Black "Eliseev,U"]
[Result "1-0"]
[WhiteElo "2463"]
[BlackElo "2433"]

1.Nf3 d5 2.g3 Nf6 3.Bg2 c6 4.O-O Bf5 5.c4 Nbd7 6.cxd5 cxd5 7.Qb3 Qb6 8.Qxb6 axb6
9.Nc3 e6 10.Nb5 Ra5 11.Nbd4 Bg6 12.d3 Bc5 13.Bd2 Ra4 14.Nb5 Ke7 15.b3 Raa8
16.d4 Bd6 17.Nxd6 Kxd6 18.Rfc1 Ke7 19.Bb4+ Kd8 20.Ne5 Nb8 21.a4 Ne8 22.e4 Na6
23.Ba3 Nac7 24.Nxg6 hxg6 25.e5 Rc8 26.Bf1 f6 27.f4 f5 28.Rc3 g5 29.fxg5 g6
30.Rac1 Rh7 31.h4 Ra8 32.Bb4 Rc8 33.Kf2 Ra8 34.Ke3 Rc8 35.Be2 Ng7 36.Be7+ Kxe7
37.Rxc7+ Rxc7 38.Rxc7+ Kd8 39.Rxb7 f4+ 40.Kf3 fxg3 41.Bb5 Kc8 42.Rf7 Kb8
43.Kg2  1-0

[Event "6th Dvorkovich Cup"]
[Site "Moscow RUS"]
[Date "2011.06.28"]
[Round "6.6"]
[White "Gabuzyan,H"]
[Black "Tilicheev,V"]
[Result "1-0"]
[WhiteElo "2394"]
[BlackElo "2361"]

1.Nf3 d5 2.g3 c5 3.c4 d4 4.e3 Nc6 5.exd4 cxd4 6.Bg2 g6 7.O-O Bg7 8.d3 Nf6
9.Re1 O-O 10.Bg5 h6 11.Bxf6 Bxf6 12.Nbd2 Bg7 13.a3 a5 14.Rb1 a4 15.c5 Ra5
16.Rc1 Bf5 17.b4 axb3 18.Qxb3 Qa8 19.Nc4 Rxc5 20.Nh4 Bd7 21.Nxg6 Re8 22.Nb6 Rxc1
23.Rxc1 Be6 24.Bd5 Bxd5 25.Nxd5 Qb8 26.Rxc6 bxc6 27.Ndxe7+ Kh7 28.Qxf7 Qb1+
29.Kg2 Qxd3 30.Nf5 Qe4+ 31.Kh3 Rg8 32.Nge7  1-0

[Event "Krapina Open"]
[Site "Krapina CRO"]
[Date "2011.06.29"]
[Round "1.1"]
[White "Kostrun,S"]
[Black "Cipan,Viktor"]
[Result "1-0"]
[WhiteElo "2333"]
[BlackElo "1809"]

1.Nf3 d5 2.g3 Nf6 3.Bg2 c6 4.O-O Bf5 5.c4 e6 6.cxd5 exd5 7.d3 Be7 8.Qb3 Qc7
9.Bf4 Qc8 10.Nc3 O-O 11.Rfe1 a5 12.e4 dxe4 13.dxe4 Be6 14.Qc2 h6 15.Nd4 Bc5
16.Nxe6 fxe6 17.Na4 Ba7 18.Bh3 Re8 19.Bd6 Nbd7 20.e5 Nd5 21.Rad1 Bb8 22.Qg6 Bxd6
23.Bxe6+ Kh8 24.exd6 Qd8 25.Bxd5 Nf6 26.Rxe8+ Qxe8 27.Qxe8+ Rxe8 28.Bf3 Rd8
29.Nc5 Nd5 30.Nxb7 Rd7 31.Bxd5 cxd5 32.Rxd5  1-0

[Event "TCh-TUR 2011"]
[Site "Konya TUR"]
[Date "2011.06.30"]
[Round "3"]
[White "Miroshnichenko,E"]
[Black "Savchenko,B"]
[Result "1/2-1/2"]
[WhiteElo "2651"]
[BlackElo "2630"]

1.Nf3 d5 2.g3 Bg4 3.Bg2 c6 4.O-O Nd7 5.d4 Ngf6 6.Nbd2 h6 7.b3 e6 8.Bb2 Bd6
9.Ne5 Bf5 10.Nxd7 Qxd7 11.f3 Bc7 12.e4 Bh7 13.Qe2 Bb6 14.e5 Ng8 15.c4 Ne7
16.c5 Bc7 17.b4 a5 18.a3 O-O 19.Bc3 b6 20.cxb6 axb4 21.axb4 Bxb6  1/2-1/2

[Event "19th Albena Open"]
[Site "Albena BUL"]
[Date "2011.07.02"]
[Round "8.35"]
[White "Nikolaou,G"]
[Black "Musaev,E"]
[Result "1/2-1/2"]
[WhiteElo "2286"]
[BlackElo "2155"]

1.Nf3 d5 2.g3 Nf6 3.Bg2 c6 4.b3 Bf5 5.Bb2 Qc8 6.h3 Nbd7 7.d3 h6 8.Nbd2 e6
9.O-O Be7 10.e4 Bh7 11.e5 Ng8 12.Re1 Bd8 13.Nf1 Ne7 14.Qd2 Nf5 15.Ba3 Be7
16.Bxe7 Nxe7 17.d4 O-O 18.Rac1 b6 19.Ne3 Qb7 20.c4 Be4 21.cxd5 cxd5 22.Nd1 a6
23.Nc3 Bh7 24.Na4 Rac8 25.Bf1  1/2-1/2

[Event "TCh-TUR 2011"]
[Site "Konya TUR"]
[Date "2011.07.02"]
[Round "6"]
[White "Uzun,S"]
[Black "Komut,B"]
[Result "1/2-1/2"]
[WhiteElo "1967"]
[BlackElo "1980"]

1.Nf3 d5 2.g3 Nf6 3.Bg2 c6 4.O-O Bg4 5.Ne5 Bf5 6.f4 Nbd7 7.b3 g6 8.Nf3 Bg7
9.Bb2 O-O 10.e3 Re8 11.Re1 Qb6 12.a4 c5 13.d3 c4 14.Bd4 Qc7 15.bxc4 dxc4
16.Na3 Be6 17.Qd2 a6 18.Ng5 cxd3 19.Nxe6 fxe6 20.cxd3 Nd5 21.Rec1 Qb8 22.Bxg7 Kxg7
23.e4 N5f6  1/2-1/2

[Event "39th TCh-GRE"]
[Site "Eretria GRE"]
[Date "2011.07.03"]
[Round "1.14"]
[White "Delithanasis,D"]
[Black "Sarandos,V"]
[Result "0-1"]
[WhiteElo "2110"]
[BlackElo "2236"]

1.Nf3 d5 2.g3 Nf6 3.Bg2 e6 4.O-O Be7 5.d4 O-O 6.Nbd2 Nbd7 7.Re1 c6 8.e4 b6
9.e5 Ne8 10.c4 Nc7 11.b3 a5 12.Bb2 Ba6 13.Rc1 Rc8 14.Bf1 Nb8 15.Bd3 c5 16.dxc5 bxc5
17.Bb1 Nc6 18.Nf1 d4 19.Qc2 g6 20.h4 Bb7 21.N1h2 Ne8 22.Qd2 Ng7 23.Qh6 Nf5
24.Qf4 Qc7 25.g4 Ng7 26.Qh6 f6 27.h5 f5 28.hxg6 hxg6 29.Qxg6 Nd8 30.Rcd1 Nf7
31.Bc1 Nh8 32.Qh6 Qc6 33.g5 Kf7 34.Qh3 Ng6 35.Qg3 Rh8 36.Rd3 Nh5 37.Qg2 Nhf4
38.Bxf4 Nxf4 39.g6+ Kg7 40.Qf1 Rh6  0-1

[Event "5th Varna Open"]
[Site "Golden Sands BUL"]
[Date "2011.07.03"]
[Round "1.2"]
[White "Mammadov,Gulam Ilham oglu"]
[Black "Georgiev,Vl"]
[Result "0-1"]
[WhiteElo "1849"]
[BlackElo "2559"]

1.Nf3 d5 2.g3 Nc6 3.Bg2 e5 4.d3 Be6 5.O-O f6 6.Nc3 Nge7 7.e4 d4 8.Ne2 g5
9.Nd2 Qd7 10.f4 gxf4 11.gxf4 Bg4 12.Nf3 O-O-O 13.f5 Rg8 14.Bd2 h5 15.Nh4 Qe8
16.Kh1 Qf7 17.h3 Qh7 18.Kh2 Bxe2 19.Qxe2 Bh6 20.Rg1 Bg5 21.Nf3 Bf4+ 22.Bxf4 exf4
23.a3 Rg3 24.Bh1 h4 25.Qf2 Qh6 26.b4 Rdg8 27.b5 Ne5 28.Nxe5 fxe5 29.Bf3 R8g5
30.a4 Ng8 31.a5 Qg7 32.Rgc1 Nf6 33.b6 Rxh3+ 34.Kxh3 Rg3+ 35.Kh2 Ng4+ 36.Bxg4 Qxg4
37.Qf1 f3 38.Ra2  0-1

[Event "Karvina Open"]
[Site "Karvina CZE"]
[Date "2011.07.03"]
[Round "2.14"]
[White "Zabystrzan,P"]
[Black "Borovicka,B"]
[Result "1-0"]
[WhiteElo "2309"]
[BlackElo "2031"]

1.Nf3 d5 2.g3 Nc6 3.d4 Bf5 4.Bg2 e6 5.a3 Be7 6.b3 Nf6 7.Bb2 O-O 8.Nbd2 Ne4
9.O-O Nxd2 10.Qxd2 Be4 11.Rfd1 Bxf3 12.Bxf3 f5 13.c4 Bf6 14.Rac1 Ne7 15.b4 a6
16.Qc2 c6 17.a4 Qd7 18.Qb3 Nc8 19.c5 Na7 20.Bg2 Rae8 21.f3 g5 22.e4 g4 23.exf5 exf5
24.Re1 Rxe1+ 25.Rxe1 Re8 26.Qd1 Rxe1+ 27.Qxe1 Nc8 28.Qe3 Ne7 29.Bf1 Ng6 30.fxg4 f4
31.Qe2 fxg3 32.hxg3 Nf8 33.g5 Bxg5 34.Qe5 Qg4 35.Be2  1-0

[Event "XIX Open A"]
[Site "Montcada i Reixac ESP"]
[Date "2011.07.03"]
[Round "9"]
[White "Bacallao Alonso,Y"]
[Black "Del Rio de Angelis,S"]
[Result "1/2-1/2"]
[WhiteElo "2530"]
[BlackElo "2508"]

1.Nf3 d5 2.g3 Nf6 3.Bg2 e6 4.O-O Be7 5.b3 O-O 6.Bb2 c5 7.e3 Nc6 8.d4 cxd4
9.exd4 b5 10.Nbd2 Qb6 11.c3 a5 12.a3 a4 13.b4 Ne8 14.Ne1 Nc7 15.Nd3 f6 16.Qe2 Bd6
17.f4 Bd7 18.Kh1 Rae8 19.Rae1 Re7 20.Nf3 Be8 21.Nh4 Bf7 22.Bc1 Ne8 23.g4 Bb8
24.g5 f5 25.Ne5 g6 26.Rf3 Nd6 27.Nxf7 Kxf7 28.Bf1 Na7 29.Rh3 Ne4 30.Nf3 Ke8
31.Ne5 Bxe5 32.dxe5 Nf2+ 33.Kg2 Nxh3 34.Kxh3 Rc7 35.Bd2 Kf7 36.Qd3 Rfc8 37.Be3 Qb7  1/2-1/2

[Event "6th Dvorkovich Cup"]
[Site "Moscow RUS"]
[Date "2011.07.03"]
[Round "13.6"]
[White "Gabuzyan,H"]
[Black "Oparin,G"]
[Result "1/2-1/2"]
[WhiteElo "2394"]
[BlackElo "2368"]

1.Nf3 d5 2.g3 Nf6 3.Bg2 c6 4.O-O Bg4 5.c4 e6 6.cxd5 exd5 7.d3 Nbd7 8.Nc3 Bd6
9.h3 Bxf3 10.Bxf3 d4 11.Ne4 Nxe4 12.dxe4 Bc5 13.b4 Bb6 14.Bb2 Ne5 15.Qb3 a5
16.a3 O-O 17.Bg2 Qe7 18.f4 a4 19.Qa2 d3+ 20.e3 Bxe3+ 21.Kh2 Ng6 22.Rad1 Rfd8
23.Qc4 b5 24.Qa2 h5 25.Qa1 f6 26.e5 fxe5 27.f5 Kf8 28.Bxe5 Rd7 29.Bc7 Bb6
30.Bd8 Raxd8 31.Qc3  1/2-1/2

[Event "5th Dachsteinwelterbe Rapid"]
[Site "Obertraun AUT"]
[Date "2011.07.03"]
[Round "2"]
[White "Sadilek,P"]
[Black "Gleizerov,E"]
[Result "0-1"]
[WhiteElo "2233"]
[BlackElo "2590"]

1.Nf3 d5 2.g3 g6 3.Bg2 Bg7 4.O-O e5 5.d3 Ne7 6.c4 d4 7.Na3 O-O 8.Nc2 a5 9.e3 dxe3
10.Bxe3 Nf5 11.Bc5 Re8 12.Rb1 Nc6 13.Re1 Rb8 14.Ba3 Be6 15.b4 axb4 16.Nxb4  0-1

[Event "ch-NED"]
[Site "Boxtel NED"]
[Date "2011.07.04"]
[Round "8"]
[White "Janssen,Ru"]
[Black "Giri,A"]
[Result "0-1"]
[WhiteElo "2512"]
[BlackElo "2687"]

1.Nf3 d5 2.g3 g6 3.Bg2 Bg7 4.O-O Nf6 5.b3 Ne4 6.c3 O-O 7.Bb2 c5 8.d3 Nd6
9.Nbd2 Nc6 10.Rb1 e5 11.c4 d4 12.a3 a5 13.e3 dxe3 14.fxe3 Nf5 15.Qe2 Bh6
16.Ne4 Bxe3+ 17.Kh1 Ncd4 18.Nxd4 cxd4 19.g4 Nh4 20.Nf6+ Kg7 21.Bc1 Ra6 22.Bxe3 dxe3
23.g5 Nf5 24.Be4 h6 25.gxh6+ Kxf6 26.Qxe3 Ke7 27.Qg1 Rh8 28.Rbe1 Nxh6 29.Bd5 Nf5
30.Rxe5+ Kf8 31.Qg2 Rf6 32.Rfe1 Kg7 33.Qb2 Qb6 34.c5 Qxc5 35.Bxf7 Ng3+ 36.Kg2 Rf2+  0-1

[Event "TCh-TUR 2011"]
[Site "Konya TUR"]
[Date "2011.07.04"]
[Round "7"]
[White "Pantsulaia,L"]
[Black "Erturan,Y"]
[Result "1-0"]
[WhiteElo "2613"]
[BlackElo "2346"]

1.Nf3 d5 2.g3 Nf6 3.Bg2 g6 4.c4 c6 5.b3 Bg7 6.Bb2 O-O 7.d3 Qb6 8.Qc1 dxc4
9.Qxc4 Be6 10.Qc2 Na6 11.O-O Nb4 12.Qc1 c5 13.Nbd2 Rac8 14.Nc4 Qc7 15.Rd1 h6
16.Be5 Qd7 17.Qb2 b5 18.Nd6 exd6 19.Bxf6 Bxf6 20.Qxf6 Nd5 21.Qb2 b4 22.Nd2 Nc3
23.Ne4 Nxe4 24.dxe4 Rfd8 25.Rd2 c4 26.bxc4 Rxc4 27.Rad1 Qc7 28.e5 d5 29.Bxd5 Rxd5
30.Rxd5 Bxd5 31.Rxd5 Rc1+ 32.Kg2 Qc6 33.Qd4 Rc4 34.Qd3 Kg7 35.e4 Rc3 36.Qd2 g5
37.h4 Rc2 38.Qxb4 Rc4 39.Qd6  1-0

[Event "13th Mahalla Open"]
[Site "El-Mahalla El-Kubra EGY"]
[Date "2011.07.05"]
[Round "2"]
[White "Elgabry,M"]
[Black "Raslan,Mou"]
[Result "1-0"]
[WhiteElo "2333"]
[BlackElo "2112"]

1.Nf3 d5 2.g3 e6 3.Bg2 f5 4.O-O Nf6 5.b3 Bd6 6.Bb2 Nbd7 7.d3 f4 8.Nbd2 O-O
9.c4 Qe8 10.d4 fxg3 11.hxg3 c6 12.Re1 Qh5 13.e4 Bb4 14.Nh2 Qh6 15.Re3 Bxd2
16.Qxd2 Nxe4 17.Bxe4 dxe4 18.Qe2 Nf6 19.Ba3 Rf7 20.Bd6 Bd7 21.Be5 Kh8 22.Bxf6 gxf6
23.Rxe4 Rg8 24.Qe3 Qh3 25.Qf4 Rg6 26.Qh4 Qf5 27.Rae1 Rg5 28.Rf4 Qg6 29.Rg4 Qf5
30.Rf4 Qg6 31.Re5 Rg7 32.Rxg5 fxg5 33.Rf8+ Rg8 34.Rxg8+ Kxg8 35.Qg4 h5 36.Qe2 g4
37.Nf1 c5 38.d5 exd5 39.cxd5 Qf5 40.Ne3 Qe4 41.Qb2 Kf7 42.Qh8 Qg6 43.Qe5 Kg8
44.Qb8+ Qe8 45.Qxb7 h4 46.Qc7 h3 47.Qf4 Qg6 48.Kh2 Kh7 49.Qc7 Qg7 50.Qxc5 Qf6
51.Qc2+ Kh6 52.Qe2 Kh5 53.a4 Be8 54.Qxg4+  1-0

[Event "5th Varna Open"]
[Site "Golden Sands BUL"]
[Date "2011.07.05"]
[Round "3"]
[White "Mammadov,Gulam Ilham oglu"]
[Black "Dichev,Kaloyan"]
[Result "1-0"]
[WhiteElo "1849"]
[BlackElo "1477"]

1.Nf3 d5 2.g3 Nc6 3.Bg2 Nf6 4.O-O Bf5 5.d3 e5 6.Nc3 Bc5 7.Bg5 d4 8.Nb1 h6
9.Bxf6 Qxf6 10.c3 dxc3 11.Nxc3 Rd8 12.Qc2 O-O 13.Rac1 Nb4 14.Qb3 Be6 15.Qd1 Bf5
16.Nd2 c6 17.Nce4 Bxf2+ 18.Rxf2 Qg6 19.Nc3 Bxd3 20.a3 Bc2 21.Qe1 Na6 22.Nc4 Rfe8
23.b4 Bf5 24.e3 Nc7 25.Rd1 Bd3 26.Nb2 Bc2 27.Rxd8 Rxd8 28.Rd2 Rxd2 29.Qxd2 Ne6
30.Nc4 f6 31.Na5 Bd3 32.Nxb7 e4 33.Qa2 f5 34.Nc5 Kf7 35.Qxe6+ Qxe6 36.Nxe6 Kxe6
37.Bf1 Bxf1 38.Kxf1 Kf6 39.Ne2 Kg5 40.Nd4  1-0

[Event "19th Klatovy Open"]
[Site "Klatovy CZE"]
[Date "2011.07.05"]
[Round "4"]
[White "Kubecka,D"]
[Black "Simek,P2"]
[Result "1-0"]
[WhiteElo "2226"]
[BlackElo "2307"]

1.Nf3 d5 2.g3 Nf6 3.Bg2 e6 4.O-O c5 5.d3 Nc6 6.Nbd2 b6 7.e4 Bb7 8.Re1 Be7
9.c3 Qc7 10.Qe2 O-O-O 11.Nf1 h6 12.Bf4 Qd7 13.Rad1 Rhg8 14.h4 Nh5 15.Bc1 g5
16.hxg5 hxg5 17.e5 Rg6 18.N3h2 Ng7 19.Ng4 Rh8 20.Nfh2 Qd8 21.d4 Nf5 22.Be3 Kb8
23.Qf3 cxd4 24.cxd4 Ba6 25.Bf1 Bxf1 26.Kxf1 Na5 27.Kg2 Qd7 28.Qe2 Nc4 29.b3 Na3
30.Nf3 Nxe3+ 31.fxe3 Rc8 32.Rc1 Rgg8 33.Nf6 Bxf6 34.exf6 Rxc1 35.Rxc1 Rc8
36.Ne5 Qb7 37.Rxc8+ Qxc8 38.Nxf7 Qc1 39.Ne5 Nc2 40.f7 Nxe3+ 41.Kh2 Nf1+ 42.Qxf1  1-0

[Event "TCh-TUR 2011"]
[Site "Konya TUR"]
[Date "2011.07.05"]
[Round "9"]
[White "Pantsulaia,L"]
[Black "Keler,F"]
[Result "1-0"]
[WhiteElo "2613"]
[BlackElo "2231"]

1.Nf3 d5 2.g3 Nf6 3.Bg2 c6 4.c4 Bg4 5.Ne5 Be6 6.cxd5 Bxd5 7.Nf3 c5 8.Nc3 Bc6
9.O-O e6 10.Re1 Nbd7 11.e4 e5 12.d3 Be7 13.a4 O-O 14.Nd2 a6 15.a5 b5 16.axb6 Nxb6
17.Nc4 Nxc4 18.dxc4 Nd7 19.Nd5 Re8 20.Bd2 a5 21.b3 Bxd5 22.exd5 Bd6 23.Ra3 Ra7
24.Qa1 Bc7 25.Qa2 f5 26.Ra1 e4 27.Bxa5 Bxa5 28.Rxa5 Rxa5 29.Qxa5 Qxa5 30.Rxa5 Rb8
31.Ra3 Ne5 32.Kf1 Nd3 33.g4 g6 34.gxf5 gxf5 35.Bh3 Rf8 36.d6 Nf4 37.b4 cxb4
38.Rg3+ Kf7 39.Bxf5 Ra8 40.Ke1 Nd3+ 41.Kd2 Rd8 42.Bxe4 Nc5 43.Bd5+ Kf6 44.Rh3 Ke5
45.Rxh7 Kxd6 46.Rh6+ Ke5 47.Ke3 Rb8 48.Rc6 Na4 49.Be4 Rf8 50.Bc2  1-0

[Event "WCh-IPCA Open B"]
[Site "Piestany SVK"]
[Date "2011.07.05"]
[Round "4"]
[White "Bondarets,V"]
[Black "Curien,N"]
[Result "1/2-1/2"]
[WhiteElo "2323"]
[BlackElo "2196"]

1.Nf3 d5 2.g3 c6 3.Bg2 Bf5 4.b3 Nf6 5.Bb2 Nbd7 6.d3 Qc7 7.Nh4 Bg4 8.h3 Be6
9.Nd2 O-O-O 10.c4 Rg8 11.Nhf3 h5 12.Ng5 h4 13.Nxe6 fxe6 14.g4 Kb8 15.Nf3 e5
16.Nxh4 e6 17.a3 g5 18.Nf3 e4 19.Nd4 Re8 20.dxe4 Nxe4 21.Bxe4 dxe4 22.Qd2 Bc5
23.O-O-O e5 24.b4 exd4 25.bxc5 Nxc5 26.Bxd4  1/2-1/2

[Event "111th ch-SUI"]
[Site "Leukerbad SUI"]
[Date "2011.07.07"]
[Round "1"]
[White "Arquint,A"]
[Black "Sher,M"]
[Result "0-1"]
[WhiteElo "2054"]
[BlackElo "2421"]

1.Nf3 d5 2.g3 g6 3.Bg2 Bg7 4.O-O e5 5.d3 Ne7 6.e4 O-O 7.Re1 Nbc6 8.Nbd2 h6
9.a4 Be6 10.b3 d4 11.Nc4 f6 12.Bd2 a5 13.Nh4 Qd7 14.f4 exf4 15.gxf4 g5 16.Nf3 Bg4
17.f5 Rfe8 18.Qc1 Nc8 19.h4 Nd6 20.Nh2 Bh5 21.hxg5 hxg5 22.Bxg5 fxg5 23.Qxg5 Qf7
24.f6 Nxc4 25.bxc4 Re5 26.Qxg7+ Qxg7 27.fxg7 Nb4 28.Rf1 Nxc2 29.Rab1 Nb4
30.Rf5 Rae8 31.Bf3 Bg6 32.Rxe5 Rxe5 33.Be2 Kxg7 34.Nf3 Re7 35.Nxd4 Rd7 36.Ne6+ Kf6
37.Nf4 Bf7 38.Nd5+ Bxd5 39.cxd5 Ke5 40.Rc1 Kd4 41.Kg2 Ke3 42.Bg4 Rg7 43.Kh3 Nxd3
44.Rc3 Kd4 45.Rc2 Kxe4 46.Bc8 b6 47.Bb7 Ke5 48.Re2+ Kd4 49.Rd2 Kc3 50.Ra2 Rd7
51.Bc6 Rh7+ 52.Kg3 Nb4 53.Ra1 Nxc6 54.dxc6 Kb2 55.Re1 Rh6 56.Re2+ Kb3 57.Re3+ Kxa4
58.Rc3 Kb5  0-1

[Event "Naantalin Open"]
[Site "Naantali FIN"]
[Date "2011.07.07"]
[Round "5"]
[White "Raivio,E"]
[Black "Norri,Ilkka"]
[Result "1/2-1/2"]
[WhiteElo "1822"]
[BlackElo "1577"]

1.Nf3 d5 2.g3 Nf6 3.Bg2 b6 4.O-O Bb7 5.d3 c6 6.Nbd2 Nbd7 7.Re1 e6 8.e4 dxe4
9.Nxe4 Be7 10.Bf4 O-O 11.Bd6 Re8 12.Bxe7 Qxe7 13.Nxf6+ Nxf6 14.Ne5 Qc7 15.c3 Rad8
16.Qa4 Rc8 17.d4 Nd7 18.Nxd7 Qxd7 19.Rad1 a5 20.Qc2 Qc7 21.Qe4 Ba8 22.Qe5 Qe7
23.d5 cxd5 24.Bxd5 Rc5 25.c4 Rd8 26.Qe4 Bxd5 27.cxd5 Rcc8 28.dxe6 Rxd1 29.exf7+ Qxf7
30.Rxd1 Qxa2 31.Qb7 Qe6 32.Rd7 Rc1+ 33.Kg2 Qc6+ 34.Qxc6 Rxc6 35.Rb7 h6 36.h4 Kh7  1/2-1/2

[Event "Lev Polugaevsky Mem"]
[Site "Samara RUS"]
[Date "2011.07.07"]
[Round "3"]
[White "Kholopov,A"]
[Black "Matsenko,A"]
[Result "0-1"]
[WhiteElo "2312"]
[BlackElo "2097"]

1.Nf3 d5 2.g3 Nf6 3.Bg2 c6 4.O-O Bf5 5.d3 e6 6.Nbd2 h6 7.b3 Be7 8.Bb2 a5
9.e4 dxe4 10.dxe4 Bh7 11.Qe2 O-O 12.e5 Nd5 13.Ne4 Qc7 14.Rfd1 a4 15.c4 Bxe4
16.Qxe4 a3 17.Bd4 Nb4 18.Rd2 Rd8 19.h4 c5 20.Be3 Rxd2 21.Nxd2 N8c6 22.f4 Rd8
23.Nf1 b6 24.f5 Nd4 25.fxe6 fxe6 26.Kh2 Nbc6 27.Re1 Rf8 28.Bxd4 Nxd4 29.Ne3 Rf2
30.Ra1 Qxe5 31.Qa8+ Rf8 32.Ng4 Qe2 33.Qe4  0-1

[Event "TCh-TUR 2011"]
[Site "Konya TUR"]
[Date "2011.07.08"]
[Round "12"]
[White "Keskin,Suara"]
[Black "Sahin,Handenur"]
[Result "1/2-1/2"]
[WhiteElo "1693"]
[BlackElo "1738"]

1.Nf3 d5 2.g3 Nf6 3.Bg2 Bf5 4.d3 e6 5.O-O Be7 6.Nc3 c6 7.e4 dxe4 8.dxe4 Qxd1
9.Rxd1 Nxe4 10.Nxe4 Bxe4 11.c3 O-O 12.Bf4 Bd5 13.Nd4 Nd7 14.c4 Bxg2 15.Nxe6 Bh3
16.Rxd7 Bxe6 17.Rxe7 b6 18.Rc7 c5 19.b3 Rfd8 20.Rc6 Rd3 21.Rd6 Rxd6 22.Bxd6 Rd8
23.Bf4 f6 24.Kg2 Kf7 25.Kf3 h6 26.h4 g5 27.hxg5 fxg5 28.Be3 Kg6 29.g4 Bd7
30.Kg3 Bc6 31.Rc1 Rf8 32.Rd1 Rf3+ 33.Kh2 Rf6 34.Rd8 Bf3 35.Kg3 Be4 36.Rg8+ Kf7
37.Rc8 a5 38.Rd8 Bb1 39.Rd2 Ke6 40.a3 Ke5 41.b4 Rc6 42.bxc5 bxc5 43.Rd5+ Ke6
44.Rxc5 Rxc5 45.Bxc5 Ba2 46.Bf8 Bxc4 47.Bxh6 Kf6 48.f4 gxf4+ 49.Kxf4 a4 50.Bg5+ Kg6
51.Be7 Bb3 52.g5 Bc4 53.Bb4 Bb3 54.Bd6 Bc4 55.Bc5  1/2-1/2

[Event "Krapina Open"]
[Site "Krapina CRO"]
[Date "2011.07.08"]
[Round "5.3"]
[White "Kostrun,S"]
[Black "Svrtan,Z"]
[Result "1-0"]
[WhiteElo "2333"]
[BlackElo "2046"]

1.Nf3 d5 2.g3 g6 3.Bg2 Bg7 4.O-O e5 5.c4 c6 6.cxd5 cxd5 7.Nc3 e4 8.Ne1 Ne7
9.d3 f5 10.dxe4 dxe4 11.Qxd8+ Kxd8 12.Bg5 h6 13.Rd1+ Bd7 14.Bf4 Bxc3 15.bxc3 Nbc6
16.f3 exf3 17.Rxf3 Ke8 18.Re3 Rh7 19.Nd3 Rd8 20.Bc7 Rc8 21.Bd6 b6 22.Nf4 Kd8
23.Red3 Ke8 24.Bxe7 Rxe7 25.Nxg6 Rg7 26.Nf4 Na5 27.Nh5  1-0

[Event "10th La Fere Open"]
[Site "La Fere FRA"]
[Date "2011.07.08"]
[Round "8.5"]
[White "Safranska,A"]
[Black "Piankov,E"]
[Result "1/2-1/2"]
[WhiteElo "2230"]
[BlackElo "2327"]

1.Nf3 d5 2.g3 g6 3.Bg2 Bg7 4.d3 e5 5.O-O Ne7 6.e4 d4 7.Ne1 O-O 8.f4 exf4
9.Bxf4 c5 10.Nf3 Nbc6 11.Qd2 f6 12.h4 Bg4 13.a4 Qd7 14.Na3 Nd8 15.Nc4 Nf7
16.Qa5 Rfc8 17.Qb5 Be6 18.Qxd7 Bxd7 19.Nd6 Nxd6 20.Bxd6 Bf8 21.Nd2 Nc6 22.Rxf6 Nb4
23.e5 Bc6 24.Bxf8 Bxg2 25.Kxg2 Rxf8 26.Rc1 Na2 27.Rcf1 Nb4 28.Ne4 Rfe8 29.R1f2 Rxe5
30.Rd6 Rf5 31.Rxf5 gxf5 32.Nxc5 Nxc2 33.Nxb7 Ne1+ 34.Kf1 Nxd3 35.Rxd4 Nxb2
36.a5 Rc8 37.Rd8+ Rxd8 38.Nxd8 a6 39.Nc6 Kf7 40.Nb4 Nc4  1/2-1/2

[Event "SPA Open A"]
[Site "Amsterdam NED"]
[Date "2011.07.09"]
[Round "1"]
[White "Overeem,M"]
[Black "Neverov,V"]
[Result "0-1"]
[WhiteElo "2158"]
[BlackElo "2500"]

1.Nf3 d5 2.g3 c5 3.Bg2 Nc6 4.d4 Nf6 5.O-O e6 6.c4 dxc4 7.Qa4 Bd7 8.Qxc4 cxd4
9.Nxd4 Rc8 10.Nc3 Nxd4 11.Qxd4 Bc5 12.Qh4 Bc6 13.Bg5 Qd4 14.Bxc6+ Rxc6 15.Bxf6 Qxf6
16.Qa4 Qd4 17.e3 Qxa4 18.Nxa4 Ke7 19.Rfd1 Bd6 20.Rd3 Rhc8 21.Rad1 R8c7 22.Nc3 a6
23.Ne2 Be5 24.Nd4 Rc1 25.Rxc1 Rxc1+ 26.Kg2 Bd6 27.Kf3 g6 28.Rd2 f5 29.Rc2 Ra1
30.b3 e5 31.Ne2 e4+ 32.Kg2 Be5 33.h3 Kf6 34.Nf4 Rd1 35.h4 Rd8 36.Kf1 h6 37.h5 g5
38.Ng6 Bd6 39.Ke2 Ke6 40.Rc4 b5 41.Rc6 Ra8 42.f4 exf3+ 43.Kxf3 Kd5 44.Rc2 Re8
45.Rd2+ Kc6 46.Rc2+ Kb6 47.Rd2 Bc5 48.Rd3 Ka5 49.g4 fxg4+ 50.Kxg4 Kb4 51.Kf5 Rxe3
52.Ne5 Ka3 53.Rd2 Bb4 54.Rg2 Bc3 55.Ng4 Rf3+ 56.Kg6 Bb2 57.Kxh6 a5 58.Kg6 Kxa2
59.h6 Kxb3 60.h7 Rf8 61.Nh6 Bh8 62.Rxg5 Ka4 63.Kh5 Rf1 64.Rg8 Ba1 65.Kg6 b4
66.Nf5 Rg1+ 67.Kf7 Rh1 68.Kg6 Rg1+ 69.Kf7 Rh1 70.Kg6 b3  0-1

[Event "31st Benasque Open"]
[Site "Benasque ESP"]
[Date "2011.07.09"]
[Round "3"]
[White "Berczes,D"]
[Black "Dukaczewski,P"]
[Result "0-1"]
[WhiteElo "2550"]
[BlackElo "2290"]

1.Nf3 d5 2.g3 Nf6 3.Bg2 c6 4.c4 e6 5.O-O Be7 6.d4 O-O 7.Bf4 b6 8.Nc3 Bb7
9.Rc1 Nbd7 10.cxd5 exd5 11.Ne5 Nxe5 12.Bxe5 Qd7 13.Qb3 Rfd8 14.Rfd1 Rac8
15.Qa4 Ra8 16.Bxf6 Bxf6 17.e3 Qe7 18.Ne2 a5 19.Nf4 Qb4 20.Qc2 g6 21.a3 Qd6
22.Qb3 Ra6 23.Nd3 Rb8 24.Rc2 Ba8 25.Qa4 Ra7 26.Rdc1 Rc7 27.Qb3 Rd7 28.Qa4 Rc7
29.b4 axb4 30.axb4 Kg7 31.h3 Qd7 32.Ra2 Bb7 33.Qb3 Ra8 34.Rxa8 Bxa8  0-1

[Event "TCh-TUR 2nd League 2011"]
[Site "Konya TUR"]
[Date "2011.07.09"]
[Round "8"]
[White "Atman,B"]
[Black "Oner,Oguz"]
[Result "1/2-1/2"]
[WhiteElo "1970"]
[BlackElo "1741"]

1.Nf3 d5 2.g3 c6 3.Bg2 Nf6 4.O-O Bf5 5.d3 h6 6.Nbd2 Nbd7 7.c4 e6 8.b3 Be7
9.Bb2 O-O 10.Re1 Bh7 11.a3 a5 12.Qc2 Qb6 13.Rad1 Bc5 14.e3 Be7 15.Qc3 Nc5
16.Ne5 Rfd8 17.d4 Nce4 18.Nxe4 Nxe4 19.Bxe4 Bxe4 20.f3 Bh7 21.c5 Qc7 22.e4 f5
23.exf5 exf5 24.f4 Bf6 25.Rd2 Re8 26.Rde2 Re7 27.a4 g5 28.Bc1 g4 29.Bd2 h5
30.Kg2 h4 31.Nd3 Re4 32.Ne5 h3+ 33.Kg1 b6 34.Rxe4 dxe4 35.Qc4+ Kh8 36.cxb6 Qxb6
37.Qxc6 Qxc6 38.Nxc6 Rc8 39.Rc1 Bg8 40.Nxa5 Bxd4+ 41.Kf1 Rxc1+ 42.Bxc1 Bc3
43.Nc4 Kg7 44.Kf2 Kf6 45.Bd2 Bd4+ 46.Be3 Bc3 47.Bd2 Bd4+ 48.Be3 Bc3 49.Ke2 Ke6
50.Bd2 Bf6 51.b4 Kd7 52.Ne3 Be6 53.b5 Bd4 54.a5 Kc7 55.Bb4 Kb7 56.Kd2 Kc7
57.Bc3 Bc5 58.a6 Kb6  1/2-1/2

[Event "TCh-TUR 2011"]
[Site "Konya TUR"]
[Date "2011.07.09"]
[Round "13"]
[White "Afyoncu,O"]
[Black "Erdogan,H"]
[Result "0-1"]
[WhiteElo "2112"]
[BlackElo "2235"]

1.Nf3 d5 2.g3 c5 3.Bg2 Nc6 4.d4 Nf6 5.O-O e6 6.c4 dxc4 7.Ne5 Bd7 8.Na3 cxd4
9.Naxc4 Be7 10.Bf4 O-O 11.Qb3 Qc8 12.Rac1 Nd5 13.Bxd5 exd5 14.Na5 Nxa5 15.Qxd5 Be6
16.Qxa5 Qd8 17.Qa4 Qd5 18.Nf3 Rfd8 19.Rfd1 b5 20.Qa6 Bf6 21.b3 g5 22.Be3 Qe4
23.Bxg5 Qxe2 24.Bxf6 Qxf3 25.Bxd4 Bd5 26.Kf1 Re8  0-1

[Event "111th ch-SUI"]
[Site "Leukerbad SUI"]
[Date "2011.07.09"]
[Round "3"]
[White "Sermier,G"]
[Black "Kappeler,K"]
[Result "1-0"]
[WhiteElo "2425"]
[BlackElo "2234"]

1.Nf3 d5 2.g3 Nf6 3.Bg2 c5 4.d3 Nc6 5.O-O g6 6.a3 Bg7 7.Nc3 d4 8.Na4 Qd6
9.c4 a5 10.Nb6 Rb8 11.Nxc8 Rxc8 12.Bd2 O-O 13.Ne1 e5 14.Qa4 Rfe8 15.Qb5 e4
16.Bxa5 e3 17.f4 Nxa5 18.Qxa5 Ra8 19.Qb5 Re7 20.Nf3 h6 21.b4 Rc7 22.bxc5 Rxc5
23.Qxb7 Rb8 24.Qa7 g5 25.fxg5 hxg5 26.Rab1 Rxb1 27.Rxb1 Nd7 28.Rb7 Ne5 29.Qb8+ Bf8
30.Qxd6 Bxd6 31.Nxd4 Ra5 32.Nc2 Bxa3 33.Rb5 Rxb5 34.cxb5 Bc1 35.b6 Nd7 36.b7 Kf8
37.Nb4 Ba3 38.Na6 Bd6 39.Bc6 Nb8 40.Nxb8 Bxb8 41.Kg2 Ke7 42.Kf3 Kd6 43.Be4 Ba7
44.Kg4 f6 45.h4 gxh4 46.gxh4  1-0